000 00307nam a22001337a 4500
008 190226b xxu||||| |||| 00| 0 eng d
020 _a0023603801
041 _aeng
080 _a316
100 _a50
101 _aSOC
245 _aSocial Studies Competencies and Skills
_cJarolimek,J
942 _2udc
_cBK
999 _c54270
_d54270